000 00449nam a22000977a 4500
008 171002b xxu||||| |||| 00| 0 eng d
100 _aHeinen, Roger
245 _aThe street railway post offices of Boston
260 _aOmaha, NE
_bMobile Post Office Society
_c1981
650 _aUnited States | Massachusetts | Boston | Street Car Mail | Mobile Post Offices | Postal History | Railway Mail | Transportation of Mail | Postal Routes | Postal Markings | Covers
999 _c2494
_d2494